La réponse est (presque) une célébrité francophone - Statistiques

Statistiques générales
  • Ce quiz a été pris 674 fois
  • Le résultat moyen est 8 sur 20
Statistiques - réponses
Activité (Presque) Indice Réponse % Correct
Animateur Capitale de la Suisse Stéphane Bern
77%
Chanteur et acteur Prénom de Deneuve, Lara, Laborde ou encore Zeta-Jones Philippe Katerine
70%
Chanteur Contraire de foncé Julien Clerc
69%
Actrice(s) La partie molle et intérieure du pain Alexandra ou Audrey Lamy
67%
Basketteur Connaitre complètement, sur le bout des doigts Tony Parker
65%
Homme politique Organe placé dans la bouche, qui permet de ressentir le goût Jack Lang
64%
Humoriste Petite prune ronde jaune de Lorraine Paul Mirabel
56%
Homme d'affaires, politique, chanteur, acteur, écrivain... Ouvrage textile destiné à recouvrir le sol Bernard Tapie
49%
Pilote Partie du pavillon de l'oreille Sébastien Loeb
43%
Chanteuse Match de rugby ayant lieu au moins une fois par an lors du tournoi des 6 nations France Gall
40%
Athlète Superlatif de bon Kevin Mayer
38%
Humoriste et acteur Il y en a 68 millions en France Ary Abittan
37%
Chanteuse Aucun bruit Véronique Sanson
20%
Animateur Changer de direction sans former d'angle Julien Courbet
19%
Chanteur et acteur Synonyme de coût en économie, mais aussi des poteaux au football Yves Montand
16%
Danseuse et chorégraphe Préfixe signifiant soi-même Fauve Hautot
15%
Chanteuse et imitatrice Trouble mental, comportements jugés et qualifiés d'anormaux Liane Foly
15%
Actrice et réalisatrice Qui est très chaud, qui brûle Fanny Ardant
13%
Footballeur Principe déclencheur d'événements non liés à une cause connue Eden Hazard
11%
Acteur et humoriste Petites pièces métalliques ou de plastique brillant qui servent de décoration Manu Payet
11%
Aucun quiz correspondant
Distribution des résultats
% des personnes avec chaque résultat
Percentile par nombre de réponses
Votre historique - résultats
Vous n’avez pas pris ce quiz